| 000 | 007879281a2200205 4500 | ||
|---|---|---|---|
| 005 | 20140412111343.0 | ||
| 008 | 140211s2000 xx 000 0 und d | ||
| 020 | _a971-508-074-X | ||
| 050 |
_aFil E _bMa27 2000 |
||
| 100 | 1 | _aAnoᅵuevo, Rebecca T. | |
| 245 | 1 | 0 |
_aAng mahiyaing manok / _cRebecca T. Anonuevo; illustrated by Ruben De Jesus. |
| 260 |
_aQuezon City : _bAdarna House, _c2000. |
||
| 300 | _a1 v. (unp.) ; ill. | ||
| 440 | _aa book in 2 languages | ||
| 520 | 8 | _aOf all the roosters of Mang Oca, Onyok spends his time for sulking. This is because he cannot crow like the others. How can a shy rooster prove his worth? | |
| 650 | 4 | _aChickens--Fiction | |
| 650 | 4 | _aTimidity--Fiction | |
| 650 | 4 |
_aChildren's literature _xEnglish-Tagalog Translation |
|
| 999 |
_c105170 _d105170 |
||